Countries that Touched the Equator in 1914 - Statistics

General Stats
  • This quiz has been taken 47 times
  • The average score is 8 of 9
Answer Stats
Country % Correct
Netherlands
100%
United Kingdom
100%
Brazil
98%
Ecuador
95%
France
95%
Colombia
85%
Belgium
80%
Portugal
78%
Italy
60%
No matching quizzes found
Score Distribution
Percent of People with Each Score
Percentile by Number Answered
Your Score History
You have not taken this quiz